000 01057na a2200349 4500
001 22256
003 MIRAKIL
005 20181226092844.0
008 170212b tu n0 0 0
035 _a20919
040 _aMilas
_btur
_cTR-AnCHP
041 _atur
090 _aCHP 079 HALK
222 _aHalk gazetesi
245 _aHalk
_bCHP Genel Merkezi haber bülteni
_cCHP Genel Merkezi
246 _aHalk gazetesi
246 _aCHP Genel Merkezi haber bülteni
260 _aAnkara
_bCHP
_c1973-
300 _ac.
_brnk. res.
_c55 sm.
310 _aHaftalık
_b(6 Haziran 1993)
362 _a(6 Temmuz 1993)-
500 _aCHP Genel Merkezi haber bültenidir.
520 _aSiyasi haber gazetesi
610 _aCHP
_vSüreli yayınlar
_vGazeteler
650 _aSiyasal partiler
_vSüreli yayınlar
_vGazeteler
650 _aSiyaset
_vGazeteler
_xAktüalite
651 _aTürkiye
_vSüreli yayınlar
_xSiyaset ve yönetim
655 _aYerel gazeteler
_zAnkara
710 _aCHP
_tHalk gazetesi
910 _aGAZETE 1
942 _2ddc
_cSER
999 _c11420
_d11420